| 000 | 00379nam a2200145Ia 4500 | ||
|---|---|---|---|
| 005 | 20250304112652.0 | ||
| 008 | 231217s9999 xx 000 0 und d | ||
| 020 | _a9788131412718 | ||
| 082 | _a658.83 WAR;1 R | ||
| 100 | _aWarrior, Ravi ed. | ||
| 245 | 0 | _aMarketing metrics : models and applications | |
| 260 |
_c2008 _bIcfai _aHyderabad |
||
| 300 | _avii, 187 | ||
| 942 | _cAA | ||
| 999 |
_c190777 _d190777 |
||